| 000 | 00834nam 22002533 4500 | ||
|---|---|---|---|
| 001 | 199789 | ||
| 010 | _a978-972-47-3826-0 | ||
| 021 |
_aPT _b287 899/09 |
||
| 090 | _a199789 | ||
| 100 | _a20260108d u||y0pory50 ba | ||
| 101 | _apor | ||
| 102 | _aPT | ||
| 200 |
_aEu Quero Saber _e Países e Bandeiras _fAnónimo _gIlustração de Ricardo Ferrand ; Revisão de Texto Editores |
||
| 205 | _a1ª | ||
| 210 |
_aAlfragide _cUniversal Infantil _d2009 |
||
| 215 |
_a32 p. : il. _cEncadernado _d30 cm |
||
| 225 |
_aEu Quero Saber _eJúnior - Brincar e Aprender, como deve ser |
||
| 606 |
_915600 _aBiografias _xBandeiras _zPara Crianças |
||
| 675 |
_a929.9(0.053.2)/ANO/QUE _vPT _zpor |
||
| 700 |
_91351 _aAnónimo |
||
| 702 |
_915582 _aFerrand _bRicardo |
||
| 801 |
_aPT _bBMMN _gRPC |
||
| 830 |
_cCarlos Pinto _d08-01-2026 _fCarlos Pinto |
||
| 990 | _cLIVROS | ||